Konsonanttiin päättyvät Suomen kunnat - Statistics

Yleistilastot
  • Tätä visaa on pelattu 875 kertaa
  • Keskiarvotulos 19 / 31
Vastaustilastot
viimeinen kirjain kunnan nimi % Oikein
H - d Hammarland
86%
L - d Lemland
86%
S - d Sund
85%
L - d Lumparland
84%
F - m Finström
81%
V - t Virrat
81%
S - k Saltvik
79%
K - r Kökar
73%
J - n Jokioinen
71%
O - n Oulainen
68%
K - n Kauniainen
66%
K - s Korsnäs
66%
P - n Parainen
66%
U - n Uurainen
66%
J - n Joroinen
64%
A - s Alavus
62%
I - n Ikaalinen
61%
K - s Kannus
59%
K - n Kaustinen
59%
N - s Nurmes
59%
K - n Kaskinen
57%
V - s Varkaus
57%
N - n Nousiainen
56%
P - n Pornainen
56%
M - s Muhos
52%
H - n Huittinen
48%
S - n Siikainen
47%
K - n Kuhmoinen
45%
P - n Punkalaidun
38%
P - s Pihtipudas
37%
K - l Koski Tl
31%
Ehtoja vastaavia visoja ei löytynyt
Tulosjakauma
Jokaisen tuloksen saaneiden osuus
Persentiili vastausten määrän mukaan
Tuloshistoriasi
Et ole pelannut tätä visaa